|
|
|
|
| LEADER |
00897nam a2200241 i 4500 |
| 001 |
c000147951 |
| 003 |
CARM |
| 005 |
00000000000000.0 |
| 008 |
750430s1974 at 00011 eng d |
| 019 |
1 |
|
|a 1637392
|5 LACONCORD2021
|
| 020 |
|
|
|a 086899006X :
|c $3.95 Aust.
|
| 020 |
|
|
|a 0868990078 (Paperback)
|
| 035 |
|
|
|a (OCoLC)5299915
|5 LACONCORD2021
|
| 042 |
|
|
|a anuc
|
| 100 |
1 |
|
|a Dangerfield, Pat.
|
| 245 |
1 |
4 |
|a The Republic of Aunt Marnie /
|c by Pat Dangerfield.
|
| 260 |
|
|
|a Caulfield, Vic. :
|b Gordon-Andrew,
|c 1974.
|
| 300 |
|
|
|a 176p. ;
|c 21cm.
|
| 500 |
|
|
|a Novels in English. Australian writers, 1945-. Texts (ANB/PRECIS SIN 0000116)
|
| 852 |
8 |
|
|b CARM
|h A2:AG04G0
|i A01603
|p 0114471
|f BK
|
| 082 |
0 |
4 |
|a 823/.3
|
| 999 |
f |
f |
|i e0af1a65-5e48-5776-a425-c6beb925866c
|s 37155dab-0d64-5f9b-8fe4-d628e5eff7bc
|
| 952 |
f |
f |
|p Can circulate
|a CAVAL
|b CAVAL
|c CAVAL
|d CARM 1 Store
|e A01603
|f A2:AG04G0
|h Other scheme
|i book
|m 0114471
|